000 00589nam a2200205Ia 4500
003 LK-CoDNM
005 20240228095951.0
008 010623t1936 xxu||||| |||| 00| 1 sin d
040 _aLK-CoDNM
_dLK-CoDNM
_eLK-CoDNM
041 _asin
080 _a104 V17
100 _aAppuhami,D.A.Periyapperuma
245 _aශක වර්ෂ 1858 ශිරෙිමණි පඤ්චාංග ලිත
246 _aEmphemeris Shaka Era 1858
260 _bK.D.Perera Son
_aColombo
_c1936
_c1937
300 _bDamaged
_a64p., 22 cm
650 _aAlmanac
650 _aAstrology
942 _cBK
999 _c98384
_d98384